01740nam a2200217 a 450000100100000000500170001000800410002704000250006808200180009310000190011124500410013026000430017130000270021449000690024150000380031050000340034850010040038265000230138671000440140983000690145300001789620250429110432.0100407s1986 dr c 000 0 spa d aDO-SdBNPbspacBNPHU a909.09bM276h1 aManfred, A. Z.10aHistoria universal /cA. Z. Manfred. aSanto Domingo :bUASDbPogreso,c1986. av. :bretrs. ;c21 cm.1 aPublicaciones de la Universidad Autónoma de Santo Domingov528 aIncluye notas al pie de páginas aLa biblioteca posee el tomo 2 aLa gran revolución de octubre, comienzo de una nueva era en la historia de la humanidad, 5 - la terminación de la primera guerra mundial y el nuevo reparto del mundo, 37 - la construcción del socialismo en la URSS, 48 - el mundo capitalista entre dos guerras mundiales, 111- el movimiento de la liberación nacional de los pueblos de Asia, Africa y América Latina en el período entre dos guerras mundiales, 140 - la segunda guerra mundial. La gran guerra patria del pueblo soviético, 224 - la Unión Soviética después de la segunda guerra mundial. Comineza la contrucción del cosumismo en la URSS, 258 - el sistema socialista mundial, 288 - los EE. UU. y los países capitalistas en Europa en los años de posguerra. formación de bloques agresivos, 338 - auge de la lucha antiimperialista de los pueblos de Asia, Africa y América Latina. Desintegración del sistema colonial, 373 - la lucha entre fuerzas de la paz y la guerra, 436 - conclusión, 443 - cronología, 451. 0aHistoria universal1 aUniversidad Autónoma de Santo Domingo 0aPublicaciones de la Universidad Autónoma de Santo Domingon528